| 000 | 00730nam a2200229 a 4500 | ||
|---|---|---|---|
| 005 | 20220615063456.0 | ||
| 008 | 030514s2006 mx r 000 0 spa d | ||
| 020 | _a9706439366 (10 dígitos) | ||
| 020 | _a9789706439369 (13 dígitos) | ||
| 035 | _aUPN01000124219 | ||
| 049 | _aCG | ||
| 050 | 4 |
_aPQ2228 E8 _bD3.5a |
|
| 100 | 1 |
_aDumas, Alexandre, _d1802-1870 _927901 |
|
| 245 | 1 | 3 |
_aLa dama de las camelias / _cAlejandro Dumas ; adapt. Alicia Alarcón Armendáriz. |
| 260 |
_aMéxico : _bSelector, _c2006. |
||
| 300 |
_a95 p. : _bil. |
||
| 440 | 0 | _aClásicos juveniles | |
| 500 | _a"Adaptación" | ||
| 650 | 0 |
_aLiteratura francesa _95152 |
|
| 650 | 4 |
_aLITERATURA CLASICA (SELECCIONES, EXTRACTOS, ETC.) _915200 |
|
| 905 | _aLibro | ||
| 999 |
_c96398 _d96398 |
||